000
00319nam a2200109Ia 4500
008
200302s9999 xx 000 0 und d
100
_a
Christian Bjone
245
_a
Philip Johnson and His Mischief -Appropriation in Art And Architecture
260
_b
Images Publishing Group Pvt. Ltd.
260
_c
2014
300
_a
96 P.,
999
_c
4298
_d
4298